|
|
|
|
| LEADER |
02117nam a2200565 a 4500 |
| 001 |
nkc20152682497 |
| 003 |
CZ PrNK |
| 005 |
20150424072400.0 |
| 007 |
ta |
| 008 |
150318s2015 xr a f m 000 0 cze |
| 015 |
|
|
|a cnb002682497
|
| 020 |
|
|
|a 978-80-01-05694-3
|q (brož.)
|
| 035 |
|
|
|a (OCoLC)908821805
|
| 040 |
|
|
|a ABA001
|b cze
|
| 041 |
0 |
|
|a cze
|b cze
|b eng
|
| 072 |
|
7 |
|a 72
|x Architektura
|2 Konspekt
|9 21
|
| 080 |
|
|
|a 72.012
|2 MRF
|
| 080 |
|
|
|a 72.012.2/.9
|2 MRF
|
| 080 |
|
|
|a 159.937.52
|2 MRF
|
| 080 |
|
|
|a 159.937.3
|2 MRF
|
| 080 |
|
|
|a (043.5:042.3)
|2 MRF
|
| 100 |
1 |
|
|a Šikola, Petr,
|d 1977-
|7 ctu2013765576
|4 aut
|
| 245 |
1 |
0 |
|a Architektonické měřítko =
|b Architectural scale /
|c Petr Šikola
|
| 246 |
3 |
1 |
|a Architectural scale
|
| 260 |
|
|
|a v Praze :
|b České vysoké učení technické,
|c 2015
|
| 300 |
|
|
|a 25 s. :
|b barev. il. ;
|c 21 cm
|
| 490 |
1 |
|
|a Habilitační přednášky ;
|v 3/2015
|
| 500 |
|
|
|a Nad názvem: České vysoké učení technické, Fakulta stavební, katedra architektury
|
| 500 |
|
|
|a 59 výt.
|
| 504 |
|
|
|a Obsahuje bibliografii
|
| 546 |
|
|
|a České a anglické resumé
|
| 650 |
0 |
7 |
|a architektonická kompozice
|7 ph139100
|2 czenas
|
| 650 |
0 |
7 |
|a prostor (architektura)
|7 ph138573
|2 czenas
|
| 650 |
0 |
7 |
|a prostorové vnímání
|7 ph205122
|2 czenas
|
| 650 |
0 |
7 |
|a zrakové klamy
|7 ph211778
|2 czenas
|
| 650 |
0 |
9 |
|a architectural composition
|2 eczenas
|
| 650 |
0 |
9 |
|a space (architecture)
|2 eczenas
|
| 650 |
0 |
9 |
|a spatial perception
|2 eczenas
|
| 650 |
0 |
9 |
|a optical illusions
|2 eczenas
|
| 653 |
0 |
|
|a architektonické měřítko
|
| 655 |
|
7 |
|a habilitační přednášky
|7 fd187328
|2 czenas
|
| 655 |
|
9 |
|a habilitation lectures
|2 eczenas
|
| 710 |
2 |
|
|a České vysoké učení technické v Praze.
|b Katedra architektury
|7 xx0009971
|
| 810 |
2 |
|
|a České vysoké učení technické v Praze.
|t Habilitační přednášky
|0 s
|
| 910 |
2 |
|
|a BOA001
|b 2-1344.008
|
| 928 |
9 |
|
|a České vysoké učení technické v Praze
|
| 990 |
|
|
|a BK
|
| 995 |
|
|
|a 01
|
| 991 |
|
|
|b 201504
|c NOV
|e n
|
| 996 |
6 |
|
|b 2610627114
|c 2-1344.008
|l MZK
|r Sklad / do 1 hodiny
|n 1
|p p.v.
|w 001497043
|u 000010
|a 1
|e BOA001
|j MZK50
|s P
|